[Event "Campeonato de España Individual"]
[Site "Cala Major-Palma de Mallorca"]
[Date "2009.09.28"]
[Round "3.12"]
[White "Teran Alvarez, Ismael"]
[Black "Gutierrez Castillo, Paloma"]
[Result "1-0"]
[WhiteElo "2432"]
[BlackElo "2151"]
[PlyCount "81"]
[EventDate "2009.09.26"]

1. d4 Nf6 2. c4 g6 3. Nc3 Bg7 4. e4 d6 5. Bd3 O-O 6. Nge2 Nbd7 7. Bc2 c6 8. O-O
e5 9. d5 c5 10. a3 a6 11. Rb1 Rb8 12. b4 b5 13. cxb5 axb5 14. f3 Ba6 15. Be3
Nb6 16. Bd3 c4 17. Bc2 Nh5 18. a4 bxa4 19. b5 Bc8 20. Nxa4 Nd7 21. Qd2 Qe7 22.
Qb4 Ba6 23. Nac3 Rfc8 24. Ra1 Bb7 25. Ra7 Nf4 26. Ra2 Bh6 27. Nxf4 exf4 28. Bf2
Bg7 29. b6 Be5 30. Nb5 c3 31. Na7 Rc5 32. Bxc5 dxc5 33. Qb5 Qd6 34. Rb1 c4 35.
Nc6 Bxc6 36. Qxc6 Nxb6 37. Ra6 Bd4+ 38. Kh1 Qd8 39. d6 Nd7 40. Rxb8 Qxb8 41.
Ra8 1-0

[Event "Campeonato de España Individual"]
[Site "Cala Major-Palma de Mallorca"]
[Date "2009.09.28"]
[Round "3.13"]
[White "Vega Gutierrez, Belinda"]
[Black "Lopez Martinez, Jose Manuel"]
[Result "0-1"]
[WhiteElo "2357"]
[BlackElo "2570"]
[PlyCount "88"]
[EventDate "2009.09.26"]

1. e4 c5 2. Nf3 d6 3. d4 cxd4 4. Nxd4 Nf6 5. Nc3 Nc6 6. Be2 e5 7. Nb3 Be7 8.
O-O O-O 9. Bf3 a5 10. a4 Nb4 11. Re1 Be6 12. Nd5 Nfxd5 13. exd5 Bf5 14. Be4
Bxe4 15. Rxe4 Qb6 16. c3 Na6 17. Re1 Rfc8 18. Be3 Qd8 19. Qd3 Nb8 20. Qb5 Nd7
21. Nd2 b6 22. Ra3 Rab8 23. h3 f5 24. f4 Kh8 25. Nc4 Qc7 26. Bf2 Bf6 27. fxe5
dxe5 28. d6 Qxc4 29. Qxd7 f4 30. Qg4 Rd8 31. Rd1 Qc6 32. d7 Rb7 33. Rb3 h6 34.
Rb5 Rbxd7 35. Rxd7 Qxd7 36. Qxd7 Rxd7 37. Bxb6 e4 38. Bd4 Bxd4+ 39. cxd4 Rxd4
40. Kf1 Rxa4 41. Rf5 e3 42. Ke2 g6 43. Rb5 Rb4 44. Rxa5 Rxb2+ 0-1

[Event "Campeonato de España Individual"]
[Site "Cala Major-Palma de Mallorca"]
[Date "2009.09.28"]
[Round "3.14"]
[White "Recuero Guerra, David"]
[Black "Astasio Lopez, David"]
[Result "1/2-1/2"]
[WhiteElo "2492"]
[BlackElo "2315"]
[PlyCount "116"]
[EventDate "2009.09.26"]

1. d4 d5 2. Nf3 Nf6 3. c4 e6 4. g3 Nbd7 5. Bg2 c6 6. O-O Bd6 7. Nc3 O-O 8. Nd2
Re8 9. e4 dxe4 10. Ndxe4 Bc7 11. Qe2 h6 12. Rd1 Nxe4 13. Nxe4 Nf6 14. Nc3 Qe7
15. Re1 Bd6 16. c5 Bc7 17. b4 Qd8 18. Bb2 e5 19. dxe5 Bg4 20. Qc2 Bxe5 21. h3
Bh5 22. Qb3 Qc7 23. Na4 Bg6 24. Bxe5 Rxe5 25. Nb2 Rae8 26. Qc3 Ne4 27. Bxe4
Rxe4 28. Nc4 Qd7 29. Nd6 Rxe1+ 30. Rxe1 Rxe1+ 31. Qxe1 Qxh3 32. Qe8+ Kh7 33.
Nxf7 Bxf7 34. Qxf7 Qc8 35. Kg2 a5 36. a3 Qa8 37. bxa5 Qa7 38. Qc7 Qa8 39. Qb6
Qc8 40. g4 Kh8 41. f3 Kh7 42. Kg3 Qb8+ 43. Kg2 Qc8 44. Qb4 Kh8 45. Qe4 Qd8 46.
Qe5 Qh4 47. Qb2 Qg5 48. Qc3 Qe7 49. Kg3 Qc7+ 50. f4 Qd8 51. f5 Qc7+ 52. Kg2 Qd8
53. Qb4 Qd7 54. Kg3 Qc7+ 55. Kf3 Qd7 56. Ke3 Qc7 57. Kd2 Qe5 58. Kc2 Qe2+
1/2-1/2

[Event "Campeonato de España Individual"]
[Site "Cala Major-Palma de Mallorca"]
[Date "2009.09.28"]
[Round "3.15"]
[White "Planells Roig, Jose"]
[Black "Aloma Vidal, Robert"]
[Result "0-1"]
[WhiteElo "2108"]
[BlackElo "2462"]
[PlyCount "88"]
[EventDate "2009.09.26"]

1. e4 Nf6 2. e5 Nd5 3. c4 Nb6 4. c5 Nd5 5. Nc3 e6 6. d4 Nxc3 7. bxc3 d6 8. cxd6
cxd6 9. f4 dxe5 10. fxe5 Qh4+ 11. g3 Qe4+ 12. Kf2 Bd7 13. Bg2 Qf5+ 14. Nf3 h5
15. h4 Bc6 16. Rf1 Nd7 17. Kg1 Qg4 18. Kh2 Be7 19. Bh3 Qg6 20. a4 Rc8 21. a5
Bb5 22. Rf2 Rxc3 23. Bd2 Rc8 24. d5 Bc5 25. dxe6 fxe6 26. Rc1 O-O 27. Rg2 Bc6
28. Bf4 Bxf3 29. Qxf3 Nxe5 30. Qxb7 Ng4+ 31. Bxg4 Qxg4 32. Rxc5 Rxc5 33. Bd6
Rcf5 34. Bxf8 Rxf8 35. Qxa7 Rf1 36. Rf2 Ra1 37. Qd7 Kh7 38. Qd2 Qe4 39. Rg2 Qb1
40. Kh3 Qh1+ 41. Rh2 Qe4 42. Re2 Rh1+ 43. Rh2 Qf5+ 44. Kg2 Qf1# 0-1

[Event "Campeonato de España Individual"]
[Site "Cala Major-Palma de Mallorca"]
[Date "2009.09.28"]
[Round "3.16"]
[White "Estremera Panos, Sergio"]
[Black "Camacho Collados, Marcos"]
[Result "1/2-1/2"]
[WhiteElo "2402"]
[BlackElo "2231"]
[PlyCount "33"]
[EventDate "2009.09.26"]

1. d4 Nf6 2. c4 g6 3. Nc3 Bg7 4. e4 d6 5. Nf3 O-O 6. Be2 Na6 7. Bf4 Nh5 8. Bg5
h6 9. Be3 e5 10. Qd2 Kh7 11. O-O-O Qe8 12. h3 Nf6 13. dxe5 dxe5 14. g4 Nd7 15.
h4 Ndc5 16. h5 g5 17. Nh2 1/2-1/2

[Event "Campeonato de España Individual"]
[Site "Cala Major-Palma de Mallorca"]
[Date "2009.09.28"]
[Round "3.17"]
[White "Pons Servera, Cristobal"]
[Black "Khamrakulov, Ibragim S"]
[Result "0-1"]
[WhiteElo "2119"]
[BlackElo "2554"]
[PlyCount "76"]
[EventDate "2009.09.26"]

1. d4 Nf6 2. c4 e6 3. Nf3 b6 4. g3 Ba6 5. Nbd2 c5 6. Bg2 Bb7 7. O-O Qc8 8. e3
Be7 9. b3 O-O 10. Bb2 cxd4 11. exd4 d5 12. Ne5 dxc4 13. bxc4 Bxg2 14. Kxg2 Nc6
15. Qf3 Nxe5 16. dxe5 Nd7 17. Ne4 Qxc4 18. Rac1 Qxa2 19. Rc7 Qxb2 20. Rxd7 Rae8
21. Nd6 Bxd6 22. exd6 Rd8 23. Rxd8 Rxd8 24. d7 h6 25. Rd1 Qc2 26. Rd6 Qc7 27.
Qd3 b5 28. f3 b4 29. Rd4 Qb7 30. Qb3 a5 31. Qa4 Qb6 32. Rc4 Kf8 33. Rc6 Qa7 34.
Rc8 Ke7 35. Qc6 Rxd7 36. Rg8 Qc7 37. Qe4 Rd2+ 38. Kh3 Qc2 0-1

[Event "Campeonato de España Individual"]
[Site "Cala Major-Palma de Mallorca"]
[Date "2009.09.28"]
[Round "3.18"]
[White "Narciso Dublan, Març"]
[Black "Lorente Penalba, Diego"]
[Result "0-1"]
[WhiteElo "2533"]
[BlackElo "2120"]
[PlyCount "114"]
[EventDate "2009.09.26"]

1. c4 e5 2. g3 Nf6 3. Bg2 c6 4. d4 exd4 5. Qxd4 d5 6. Nf3 dxc4 7. Qxd8+ Kxd8 8.
O-O Be6 9. Ng5 Bd6 10. Nxe6+ fxe6 11. Nd2 Ke7 12. Nxc4 Bc7 13. b3 Rd8 14. Ba3+
Kf7 15. Rfd1 Na6 16. e4 c5 17. Bb2 Nb4 18. Kf1 Nd3 19. Bc3 Ng4 20. Ke2 Ndxf2
21. Rxd8 Rxd8 22. Nb2 c4 23. Rf1 cxb3 24. h3 Bxg3 25. hxg4 bxa2 26. Ra1 Rc8 27.
Bd4 e5 28. Bxa7 Rc2+ 29. Kf3 Rxb2 30. Kxg3 Nd3 31. Bb8 Kf6 32. g5+ Kxg5 33. Bh3
Nb4 34. Bxe5 Rb3+ 35. Kh2 Rb1 36. Bxg7 Rxa1 37. Bxa1 Nc2 38. Bb2 a1=Q 39. Bxa1
Nxa1 40. Bd7 Nb3 41. Kg3 Nc5 42. Bf5 h5 43. Kf3 Nd3 44. Ke3 Ne5 45. Bc8 b6 46.
Ba6 h4 47. Bc8 b5 48. Be6 b4 49. Bb3 h3 50. Kf2 Kf4 51. Bd5 Ng4+ 52. Kg1 Kg3
53. e5 Nxe5 54. Kf1 Nf3 55. Ke2 b3 56. Bxf3 b2 57. Be4 h2 0-1

[Event "Campeonato de España Individual"]
[Site "Cala Major-Palma de Mallorca"]
[Date "2009.09.28"]
[Round "3.19"]
[White "Lechado Artigues, Pedro"]
[Black "Oms Pallisse, Josep"]
[Result "0-1"]
[WhiteElo "2110"]
[BlackElo "2498"]
[PlyCount "74"]
[EventDate "2009.09.26"]

1. e4 c5 2. Nf3 e6 3. d4 cxd4 4. Nxd4 a6 5. Bd3 Bc5 6. Nb3 Be7 7. O-O d6 8. f4
Nd7 9. Qe2 Qc7 10. N1d2 Ngf6 11. a4 b6 12. Nf3 O-O 13. e5 Nd5 14. Bd2 Nc5 15.
Nxc5 Qxc5+ 16. Kh1 g6 17. c3 a5 18. Nd4 Bd7 19. Nb5 Bxb5 20. Bxb5 Qc7 21. Rae1
Rfd8 22. Rf3 Bf8 23. f5 exf5 24. Bg5 Be7 25. exd6 Rxd6 26. Bxe7 Re6 27. Qd2
Qxe7 28. Re2 Rxe2 29. Bxe2 Re8 30. Bf1 Qe5 31. h3 Nf6 32. Qf2 Re6 33. Bc4 Rd6
34. Rd3 Ne4 35. Qc2 Ng3+ 36. Kg1 Qe1+ 37. Kh2 Nf1+ 0-1

[Event "Campeonato de España Individual"]
[Site "Cala Major-Palma de Mallorca"]
[Date "2009.09.28"]
[Round "3.20"]
[White "Del Rey, Diego"]
[Black "Veganzones Rojo, David"]
[Result "1-0"]
[WhiteElo "2419"]
[BlackElo "2100"]
[PlyCount "89"]
[EventDate "2009.09.26"]

1. d4 d5 2. Bg5 h6 3. Bh4 c6 4. Nf3 Qb6 5. b3 Bf5 6. e3 e6 7. Bd3 Bxd3 8. Qxd3
Nd7 9. Nbd2 Ne7 10. e4 dxe4 11. Qxe4 Nf5 12. O-O Qc7 13. c4 Nxh4 14. Qxh4 Be7
15. Qe4 O-O 16. c5 e5 17. Nxe5 Nxe5 18. dxe5 Bxc5 19. Rac1 Qe7 20. Nf3 Rad8 21.
Rfe1 Rfe8 22. g3 Rd5 23. Re2 Ba3 24. Rcc2 Bb4 25. Qg4 a5 26. Rc4 Qe6 27. Qh5
Rd1+ 28. Kg2 Qd5 29. Rce4 Re6 30. Qg4 Bc5 31. Qf4 Rd3 32. h4 b5 33. Kh2 Bb6 34.
h5 c5 35. Nh4 Bd8 36. Nf5 Bg5 37. Qg4 g6 38. hxg6 fxg6 39. Nd6 Be7 40. Nxb5 h5
41. Qf4 Qd7 42. Na3 g5 43. Qf5 h4 44. gxh4 gxh4 45. Rg4+ 1-0

[Event "Campeonato de España Individual"]
[Site "Cala Major-Palma de Mallorca"]
[Date "2009.09.28"]
[Round "3.21"]
[White "Revilla Rio, Francisco"]
[Black "Vega Gutierrez, Sabrina"]
[Result "1/2-1/2"]
[WhiteElo "2094"]
[BlackElo "2357"]
[PlyCount "62"]
[EventDate "2009.09.26"]

1. d4 d5 2. c4 dxc4 3. Nc3 a6 4. a4 e5 5. e3 Nc6 6. Nf3 exd4 7. exd4 Nf6 8.
Bxc4 Bd6 9. O-O O-O 10. h3 h6 11. d5 Ne5 12. Nxe5 Bxe5 13. Qf3 Re8 14. Be3 Qd6
15. Rfc1 Bd7 16. a5 g5 17. g4 Qb4 18. Bd3 Qxb2 19. Rab1 Qa3 20. Ne4 Nxe4 21.
Bxe4 Rab8 22. h4 gxh4 23. Rxc7 Bxc7 24. Bh7+ Kxh7 25. Qxf7+ Kh8 26. Qf6+ Kg8
27. Qg6+ Kh8 28. Qxh6+ Kg8 29. Qg6+ Kh8 30. Qh6+ Kg8 31. Qg6+ Kh8 1/2-1/2

[Event "Campeonato de España Individual"]
[Site "Cala Major-Palma de Mallorca"]
[Date "2009.09.28"]
[Round "3.22"]
[White "Valmana Canto, Jaime"]
[Black "Valls Casas, Jordi"]
[Result "1-0"]
[WhiteElo "2332"]
[BlackElo "2094"]
[PlyCount "59"]
[EventDate "2009.09.26"]

1. e4 c6 2. d4 d5 3. e5 Bf5 4. Nc3 e6 5. g4 Bg6 6. Nge2 c5 7. h4 f6 8. Nf4 Bf7
9. exf6 Nxf6 10. g5 cxd4 11. Qxd4 Nh5 12. Nxh5 Bxh5 13. Bf4 Nc6 14. Bb5 Qd7 15.
Bxc6 bxc6 16. O-O Rg8 17. Rfe1 O-O-O 18. Na4 h6 19. Rxe6 hxg5 20. Nb6+ axb6 21.
Qxb6 gxf4 22. Rxc6+ Qxc6 23. Qxc6+ Kb8 24. Qb6+ Kc8 25. Qe6+ Kc7 26. Qxg8 Bf3
27. Re1 Bd6 28. Re8 Rd7 29. Rc8+ Kb7 30. Rc3 1-0

[Event "Campeonato de España Individual"]
[Site "Cala Major-Palma de Mallorca"]
[Date "2009.09.28"]
[Round "3.25"]
[White "Garcia Garcia, Ruben"]
[Black "Gelabert Mari, Llorenç"]
[Result "1/2-1/2"]
[WhiteElo "2278"]
[BlackElo "2083"]
[PlyCount "57"]
[EventDate "2009.09.26"]

1. e4 e6 2. d4 d5 3. Nc3 dxe4 4. Nxe4 Nd7 5. Nf3 Ngf6 6. Bg5 Be7 7. Nxf6+ Bxf6
8. h4 c5 9. Qd2 Qc7 10. d5 exd5 11. O-O-O O-O 12. Qxd5 Nb6 13. Qe4 Bd8 14. Bxd8
Rxd8 15. Ng5 Rxd1+ 16. Kxd1 g6 17. Qf3 h5 18. Kc1 Bg4 19. Qe3 Qd7 20. Bd3 c4
21. Be4 Re8 22. Qf4 Nd5 23. Bxd5 Qxd5 24. f3 Bf5 25. Rd1 Qe5 26. Qxc4 Re7 27.
Rd8+ Kg7 28. Qc3 Qxc3 29. bxc3 1/2-1/2

[Event "Campeonato de España Individual"]
[Site "Cala Major-Palma de Mallorca"]
[Date "2009.09.28"]
[Round "3.26"]
[White "Navarrete Terrasa, Sebastian"]
[Black "Barcelo Pujadas, Pedro Jose"]
[Result "1/2-1/2"]
[WhiteElo "2019"]
[BlackElo "2249"]
[PlyCount "53"]
[EventDate "2009.09.26"]

1. e4 e6 2. d4 d5 3. Nd2 Nf6 4. e5 Nfd7 5. Ngf3 c5 6. c3 Nc6 7. Bd3 Be7 8. O-O
a5 9. Re1 cxd4 10. cxd4 g5 11. Nb3 g4 12. Nfd2 h5 13. a4 Qb6 14. Bb5 Bb4 15.
Re3 Nxd4 16. Nc4 dxc4 17. Qxd4 Qxd4 18. Nxd4 Bc5 19. Re4 Kf8 20. Bg5 Rg8 21.
Bh6+ Ke7 22. Ne2 Nb6 23. Bxc4 Nxc4 24. Rxc4 b6 25. Ng3 Ba6 26. Rac1 Rg6 27. Bf4
1/2-1/2

[Event "Campeonato de España Individual"]
[Site "Cala Major-Palma de Mallorca"]
[Date "2009.09.28"]
[Round "3.27"]
[White "Pont Mulet, Antonio"]
[Black "Montoya Irigoyen, Iñigo"]
[Result "0-1"]
[WhiteElo "2232"]
[BlackElo "2070"]
[PlyCount "86"]
[EventDate "2009.09.26"]

1. e4 c5 2. Nf3 e6 3. c3 Nf6 4. e5 Nd5 5. d4 cxd4 6. cxd4 d6 7. a3 Bd7 8. Bc4
Bc6 9. O-O Nd7 10. Re1 Rc8 11. Nbd2 N5b6 12. Bd3 dxe5 13. dxe5 Nc5 14. Bc2 Be7
15. Qe2 O-O 16. Nf1 a6 17. Be3 Bb5 18. Qd1 Qxd1 19. Rexd1 Nca4 20. Be4 Nd5 21.
Bd4 Rfd8 22. Rac1 Rxc1 23. Rxc1 Bc6 24. Ng3 g6 25. h3 h5 26. Kh2 Kg7 27. b3
Bxa3 28. Rxc6 bxc6 29. bxa4 c5 30. Ba1 Nf4 31. Bc3 Bb4 32. Bb2 Nd3 33. Bxd3
Rxd3 34. Bc1 Rc3 35. Be3 Ra3 36. Ne2 Rxa4 37. Nc1 a5 38. Nd3 Ra3 39. Nb2 Rb3
40. Bc1 Ba3 41. Nd2 Rxb2 42. Bxb2 Bxb2 43. Nc4 a4 0-1

[Event "Campeonato de España Individual"]
[Site "Cala Major-Palma de Mallorca"]
[Date "2009.09.28"]
[Round "3.28"]
[White "Gaya Llodra, Juan"]
[Black "Machin Arbelo, Pedro Alexis"]
[Result "1-0"]
[WhiteElo "2218"]
[BlackElo "2052"]
[PlyCount "79"]
[EventDate "2009.09.26"]

1. d4 Nf6 2. Nf3 e6 3. g3 b6 4. Bg2 Bb7 5. O-O Be7 6. c4 O-O 7. d5 exd5 8. Nh4
c6 9. cxd5 Nxd5 10. Nf5 Nc7 11. e4 d5 12. Re1 Re8 13. Bf4 Ne6 14. Qg4 Bf6 15.
Bd6 g6 16. Nh6+ Kg7 17. e5 Bg5 18. Nxf7 Kxf7 19. f4 Be7 20. f5 Bxd6 21. fxe6+
Kg8 22. exd6 Qxd6 23. Nc3 Na6 24. h4 Qb4 25. Qg5 Qxb2 26. Qe5 Qa3 27. e7 Qc5+
28. Kh2 d4 29. Qe6+ Kg7 30. Na4 Qf5 31. Qd6 b5 32. Rf1 Qd3 33. Qf6+ Kh6 34.
Qg5+ Kg7 35. Qe5+ Kg8 36. Qe6+ Kg7 37. Rf7+ Kh6 38. Qf6 Qe3 39. Re1 Qd2 40.
Qg7+ 1-0

[Event "Campeonato de España Individual"]
[Site "Cala Major-Palma de Mallorca"]
[Date "2009.09.28"]
[Round "3.29"]
[White "Serrano Bozada, Esteban"]
[Black "Sarto Ramos, Angel"]
[Result "1-0"]
[WhiteElo "2217"]
[BlackElo "2037"]
[PlyCount "87"]
[EventDate "2009.09.26"]

1. d4 g6 2. Nf3 Bg7 3. Bf4 c5 4. c3 cxd4 5. cxd4 Nc6 6. e3 d6 7. Nc3 Qb6 8. Qd2
Nf6 9. Be2 O-O 10. O-O Nh5 11. Nd5 Qd8 12. Bg5 f6 13. Bh4 Bh6 14. a3 Be6 15.
Nc3 Bf7 16. b4 a6 17. Rac1 Qd7 18. Ne1 Ng7 19. d5 Na7 20. a4 g5 21. Bg3 f5 22.
f4 Nh5 23. Nf3 gxf4 24. Bxf4 Nxf4 25. exf4 e5 26. dxe6 Bxe6 27. b5 axb5 28.
axb5 Nc8 29. Ng5 Bxg5 30. fxg5 d5 31. Bf3 d4 32. Ne2 d3 33. Nf4 Qd4+ 34. Kh1
Bc4 35. Rxc4 Ra1 36. Rxa1 Qxa1+ 37. Rc1 Qa3 38. Bd5+ Kh8 39. Qe3 Qb2 40. Nxd3
f4 41. Qc5 Qg7 42. Qxc8 h6 43. Nxf4 hxg5 44. Qxf8+ 1-0

[Event "Campeonato de España Individual"]
[Site "Cala Major-Palma de Mallorca"]
[Date "2009.09.28"]
[Round "3.30"]
[White "Andreu Lopez, Santiago"]
[Black "Galiana Salom, Juan Ramon"]
[Result "0-1"]
[WhiteElo "1977"]
[BlackElo "2216"]
[PlyCount "68"]
[EventDate "2009.09.26"]

1. e4 e6 2. d4 d5 3. Nd2 Nf6 4. e5 Nfd7 5. f4 c5 6. Ngf3 Nc6 7. c3 Qb6 8. Nb3
Be7 9. Be2 cxd4 10. cxd4 f6 11. exf6 Bxf6 12. Be3 O-O 13. Qd2 a5 14. O-O a4 15.
Nc1 a3 16. bxa3 Rxa3 17. Nb3 Be7 18. Rfb1 Nf6 19. Bd3 Qa7 20. Rb2 Nb4 21. Bb1
b6 22. h3 Ba6 23. Nc1 Ne4 24. Bxe4 dxe4 25. Ne5 Nd5 26. Rb3 Bb7 27. Rab1 Rc8
28. Rxa3 Bxa3 29. Ne2 Qa4 30. Rb3 Bb4 31. Qb2 Ba6 32. Bf2 Bd3 33. Nxd3 exd3 34.
Ng3 d2 0-1

[Event "Campeonato de España Individual"]
[Site "Cala Major-Palma de Mallorca"]
[Date "2009.09.28"]
[Round "3.31"]
[White "Sabater Sanchez, Asensio"]
[Black "Damians Janes, Jordi"]
[Result "1-0"]
[WhiteElo "2211"]
[BlackElo "1974"]
[PlyCount "59"]
[EventDate "2009.09.26"]

1. c4 e5 2. Nf3 Nc6 3. Nc3 g6 4. g3 Bg7 5. Bg2 Nge7 6. d3 O-O 7. O-O f5 8. Bd2
h6 9. Rb1 g5 10. b4 Ng6 11. b5 Nce7 12. Nd5 d6 13. Ne1 f4 14. Nc2 Nf5 15. e3
Qd7 16. Qh5 Nfe7 17. Ncb4 c6 18. bxc6 bxc6 19. Nc3 a5 20. Nxc6 Nxc6 21. Qxg6 f3
22. Bh1 Nb4 23. a3 Rf6 24. Qh5 Nxd3 25. Nd5 Rf8 26. Nb6 Qf5 27. Qxf3 Qg6 28.
Qxa8 Nxf2 29. Qd5+ Be6 30. Qxe6+ 1-0

[Event "Campeonato de España Individual"]
[Site "Cala Major-Palma de Mallorca"]
[Date "2009.09.28"]
[Round "3.32"]
[White "Moya Albaladejo, Jose Antonio"]
[Black "Segura Ariza, Jose Luis"]
[Result "1-0"]
[WhiteElo "1959"]
[BlackElo "2210"]
[PlyCount "87"]
[EventDate "2009.09.26"]

1. e4 c5 2. Nf3 e6 3. d4 cxd4 4. Nxd4 Nf6 5. Nc3 Nc6 6. Ndb5 Bb4 7. a3 Bxc3+ 8.
Nxc3 d5 9. exd5 exd5 10. Bd3 O-O 11. O-O h6 12. Bf4 d4 13. Nb5 Nd5 14. Bg3 Be6
15. Re1 Qd7 16. Nd6 Rad8 17. h3 Nde7 18. Qh5 Bd5 19. Re2 f5 20. Nc4 Rf6 21.
Rae1 f4 22. Bh2 g5 23. Ne5 Nxe5 24. Rxe5 Nc6 25. Re8+ Kg7 26. Rxd8 Qxd8 27. h4
Bf7 28. Qg4 Qd5 29. hxg5 hxg5 30. Qd1 Ne5 31. Be4 Qc5 32. Bxb7 g4 33. b4 Qd6
34. Be4 Bh5 35. Qd2 g3 36. fxg3 Nc4 37. Qd3 Ne5 38. Qb5 f3 39. Bxf3 Nxf3+ 40.
gxf3 Bxf3 41. Qg5+ Kf7 42. g4 Qb6 43. Qh5+ Rg6 44. Qh7+ 1-0

[Event "Campeonato de España Individual"]
[Site "Cala Major-Palma de Mallorca"]
[Date "2009.09.28"]
[Round "3.34"]
[White "Navarrete Espi, Samuel"]
[Black "Cuenca Jimenez, Francisco Javier"]
[Result "1-0"]
[WhiteElo "1929"]
[BlackElo "2189"]
[PlyCount "111"]
[EventDate "2009.09.26"]

1. e4 c5 2. Nf3 g6 3. d4 Bg7 4. c4 cxd4 5. Nxd4 Nc6 6. Nc2 Nf6 7. Nc3 d6 8. Be2
Bd7 9. Be3 Ne5 10. h3 Rc8 11. b3 Bc6 12. f4 Ned7 13. Bf3 Nh5 14. Bd4 e5 15.
fxe5 dxe5 16. Bf2 Nf4 17. Nd5 Bxd5 18. exd5 e4 19. Bxe4 Bc3+ 20. Kf1 Bxa1 21.
Qxa1 O-O 22. g3 Re8 23. Qd4 Nc5 24. Bf3 Nfd3 25. b4 Nxf2 26. Kxf2 Nd7 27. c5
Ne5 28. d6 Qd7 29. Ne3 Nxf3 30. Kxf3 Rxe3+ 31. Kxe3 Re8+ 32. Kd2 Qe6 33. Rd1
Qxa2+ 34. Kc3 Qa3+ 35. Kc4 b5+ 36. Kxb5 Rb8+ 37. Kc6 Qa4+ 38. Kc7 Rxb4 39. Qd5
Qa5+ 40. Kd7 Rb8 41. Qc4 Qd8+ 42. Kc6 Qc8+ 43. Kd5 Qe6+ 44. Kd4 Qf6+ 45. Kd3
Qf5+ 46. Kc3 Qf3+ 47. Rd3 Qf6+ 48. Qd4 Qe6 49. d7 Qe1+ 50. Kc2 Qb1+ 51. Kd2
Rb2+ 52. Ke3 Qe1+ 53. Kf4 Rf2+ 54. Rf3 g5+ 55. Kxg5 h6+ 56. Kh5 1-0

[Event "Campeonato de España Individual"]
[Site "Cala Major-Palma de Mallorca"]
[Date "2009.09.29"]
[Round "3.35"]
[White "Jimenez De La Torre, Jose A"]
[Black "Miguelez Garcia, Erlantz"]
[Result "1-0"]
[WhiteElo "2175"]
[BlackElo "1948"]
[PlyCount "75"]
[EventDate "2009.09.26"]

1. e4 c5 2. Nf3 d6 3. d4 cxd4 4. Nxd4 Nf6 5. Nc3 a6 6. Bg5 e6 7. f4 Be7 8. Qf3
Nbd7 9. O-O-O Qc7 10. Rd2 b5 11. e5 Bb7 12. exf6 Bxf3 13. fxe7 Bc6 14. Bxb5 Nb8
15. Bxc6+ Nxc6 16. Ndb5 axb5 17. Nxb5 Qb8 18. Nxd6+ Kd7 19. Nxf7+ Kc7 20. Rhd1
Qb4 21. Rd7+ Kb6 22. c3 Qc4 23. Nxh8 Qxa2 24. Nf7 Qb3 25. Kb1 Qa2+ 26. Kc1 Qb3
27. Kd2 Qxb2+ 28. Ke3 Qxc3+ 29. R1d3 Qe1+ 30. Kf3 Nxe7 31. Bxe7 Qf1+ 32. Kg3
Qe1+ 33. Kh3 Ra4 34. Rb3+ Ka6 35. Rd6+ Ka7 36. Ne5 Ra6 37. Rd7+ Ka8 38. Rd8+
1-0

[Event "Campeonato de España Individual"]
[Site "Cala Major-Palma de Mallorca"]
[Date "2009.09.28"]
[Round "3.36"]
[White "Suau Mercer, Pedro"]
[Black "Solino Nebot, Leonardo"]
[Result "1-0"]
[WhiteElo "1924"]
[BlackElo "2174"]
[PlyCount "77"]
[EventDate "2009.09.26"]

1. Nf3 Nf6 2. b4 e6 3. a3 b6 4. Bb2 Bb7 5. e3 Be7 6. c4 O-O 7. d4 Ne4 8. Nbd2
Nxd2 9. Qxd2 Bxf3 10. gxf3 c6 11. Rg1 d5 12. e4 Kh8 13. Rc1 a6 14. Bd3 f5 15.
e5 Nd7 16. cxd5 cxd5 17. Rc6 Qe8 18. Ke2 Bd8 19. Rgc1 b5 20. Rd6 Nb6 21. Rcc6
Nc4 22. Bxc4 bxc4 23. Rxe6 Qd7 24. Rxa6 Rxa6 25. Rxa6 c3 26. Bxc3 Bg5 27. Qd3
Rc8 28. Ra5 Rd8 29. Qb5 Qf7 30. Qc6 f4 31. Ra8 h6 32. Rxd8+ Bxd8 33. e6 Qf5 34.
Qe8+ Kh7 35. Qxd8 Qc2+ 36. Bd2 Qc4+ 37. Ke1 Qxd4 38. e7 Qa1+ 39. Ke2 1-0

[Event "Campeonato de España Individual"]
[Site "Cala Major-Palma de Mallorca"]
[Date "2009.09.28"]
[Round "3.37"]
[White "Iñigo Muñoz, Javier"]
[Black "Diaz Sanchez, Jose Francisco"]
[Result "1-0"]
[WhiteElo "2167"]
[BlackElo "1926"]
[PlyCount "64"]
[EventDate "2009.09.26"]

1. c4 c5 2. Nc3 Nc6 3. g3 g6 4. Bg2 Bg7 5. d3 d6 6. e4 e5 7. Nge2 Nge7 8. O-O
O-O 9. Rb1 Rb8 10. a3 a6 11. f4 f5 12. fxe5 Nxe5 13. b4 cxb4 14. Rxb4 N7c6 15.
Rb1 fxe4 16. Rxf8+ Qxf8 17. Bxe4 Bg4 18. Qf1 Nf3+ 19. Kh1 Nfd4 20. Qg2 Bf3 21.
Bxf3 Qxf3 22. Nxd4 Qxg2+ 23. Kxg2 Bxd4 24. Ne4 Ne5 25. Rb3 Nf7 26. Bf4 Be5 27.
Bxe5 dxe5 28. Nf6+ Kg7 29. Nd7 Rd8 30. Rxb7 Nd6 31. Ra7 e4 32. dxe4 Nxe4 1-0

[Event "Campeonato de España Individual"]
[Site "Cala Major-Palma de Mallorca"]
[Date "2009.09.28"]
[Round "3.38"]
[White "Serra Olives, Tomas"]
[Black "Cerdo Fernandez, Miguel"]
[Result "1-0"]
[WhiteElo "2145"]
[BlackElo "1921"]
[PlyCount "101"]
[EventDate "2009.09.26"]

1. e4 Nf6 2. e5 Nd5 3. d4 d6 4. Nf3 g6 5. Bc4 Nb6 6. Bb3 Bg7 7. Ng5 d5 8. f4
O-O 9. O-O h6 10. Nf3 Bg4 11. a4 e6 12. a5 N6d7 13. c4 dxc4 14. Bxc4 c6 15. Nc3
Re8 16. h3 Bxf3 17. Qxf3 Nf8 18. Ne4 Qxd4+ 19. Be3 Qd7 20. Nd6 Rd8 21. Rfd1 Qc7
22. Qf2 Nbd7 23. b4 b6 24. a6 c5 25. b5 Nxe5 26. fxe5 Bxe5 27. Nb7 Bxa1 28.
Nxd8 Rxd8 29. Rxa1 Qe5 30. Rf1 Rd7 31. Bxh6 Nh7 32. Kh1 Ng5 33. Qf4 Qxf4 34.
Rxf4 Nh7 35. Kg1 Rd6 36. Rf3 Rd4 37. Ba2 Rd6 38. h4 Nf8 39. Bf4 Rd1+ 40. Rf1
Rxf1+ 41. Kxf1 Nd7 42. Bd6 Kg7 43. g4 Kf6 44. Kg2 Kg7 45. Kf3 Kf6 46. Kf4 Kg7
47. g5 Kg8 48. Bc4 Kg7 49. Be2 Kh7 50. Bf3 c4 51. Bc6 1-0

[Event "Campeonato de España Individual"]
[Site "Cala Major-Palma de Mallorca"]
[Date "2009.09.28"]
[Round "3.39"]
[White "Oliver Font, Jose Luis"]
[Black "Munar Rossello, Pedro"]
[Result "0-1"]
[WhiteElo "1915"]
[BlackElo "2144"]
[PlyCount "102"]
[EventDate "2009.09.26"]

1. e4 c5 2. Nf3 Nf6 3. Nc3 d5 4. exd5 Nxd5 5. Nxd5 Qxd5 6. h3 Nc6 7. c3 e5 8.
d3 Be7 9. Qb3 Qxb3 10. axb3 Bf5 11. Bg5 f6 12. Be3 O-O-O 13. O-O-O Be6 14. Nd2
Rd7 15. Kc2 Rhd8 16. Be2 Nd4+ 17. Bxd4 cxd4 18. c4 f5 19. f3 Bb4 20. Nf1 Re7
21. Ng3 g6 22. h4 h5 23. Ra1 a6 24. Ra4 Bd6 25. Nf1 Bd7 26. Ra1 Bc6 27. Rg1 Rf8
28. g3 e4 29. f4 exd3+ 30. Bxd3 Rfe8 31. Rd1 Bb4 32. Nd2 Re3 33. Nf1 Re1 34.
Nd2 R1e3 35. Nf1 Rf3 36. Nd2 Rf2 37. Rgf1 Rg2 38. Rg1 Rh2 39. Kc1 Kc7 40. Rgf1
Rg2 41. Nf3 Bc5 42. Ne5 Rxg3 43. Rg1 Rh3 44. Nxg6 Be4 45. Bxe4 fxe4 46. Rg5 Bb4
47. Rxd4 e3 48. Ne5 e2 49. Nd3 Rxd3 50. Rxd3 e1=Q+ 51. Rd1 Qxh4 0-1

[Event "Campeonato de España Individual"]
[Site "Cala Major-Palma de Mallorca"]
[Date "2009.09.28"]
[Round "3.40"]
[White "Guadamuro Torrente, Anabel"]
[Black "Javaloy Guerrero, Manuel A"]
[Result "1/2-1/2"]
[WhiteElo "2142"]
[BlackElo "1878"]
[PlyCount "50"]
[EventDate "2009.09.26"]

1. e4 c5 2. Nf3 e6 3. g3 d5 4. exd5 exd5 5. Bg2 Nf6 6. O-O Be7 7. d4 O-O 8.
dxc5 Nc6 9. Nc3 d4 10. Ne2 Bxc5 11. a3 a5 12. Nf4 Bf5 13. Nd3 Bb6 14. Bf4 Rc8
15. Nfe5 Re8 16. Nxc6 bxc6 17. Re1 Bxd3 18. cxd3 Qd7 19. Rc1 Nd5 20. Bd2 Ne3
$11 21. Qb3 Nxg2 22. Rxe8+ Rxe8 23. Qxb6 Nh4 24. gxh4 Qg4+ 25. Kh1 Qf3+ 1/2-1/2